|
|
|
|
| LEADER |
00000nab a2200000 a 4500 |
| 001 |
vtls000569524 |
| 003 |
SK-MaSNL |
| 005 |
20260304085435.0 |
| 008 |
250425c1995 xo 0 slo |
| 015 |
|
|
|a SNBRB19rr/mm-uuuuu
|
| 035 |
|
|
|a CL0569662
|
| 035 |
|
|
|a urn:nbn:sk:snk-abf2nq
|
| 035 |
|
|
|a (urnnbn)urn:nbn:sk:snk:ar-005am0
|
| 035 |
|
|
|a (uuid)0500fdca-bbf0-487d-a19e-f726f19ea081
|
| 040 |
|
|
|a SNKBUCL
|b slo
|c SNKBUCL
|e AACR2
|
| 041 |
0 |
|
|a slo
|
| 044 |
|
|
|a xo
|c SK
|
| 080 |
|
|
|a 624-051
|2 1981
|
| 080 |
|
|
|a 674-051
|2 1981
|
| 080 |
|
|
|a 378.124
|2 1981
|
| 080 |
|
|
|a 694-051
|2 1981
|
| 080 |
|
|
|a 929 Bašista, Andrej
|2 1981
|
| 100 |
1 |
|
|a Šúriková, Anna,
|d 1945-
|4 aut
|9 112051
|
| 245 |
1 |
0 |
|a K životnému jubileu Ing. Andreja Bašistu
|c Anna Šúriková
|
| 300 |
|
|
|b Fotogr. 1
|
| 600 |
1 |
7 |
|a Bašista, Andrej,
|d 1920-2005
|2 snkbucl
|9 88302
|
| 655 |
|
7 |
|a články z novín a časopisov
|2 snkbucl
|9 267496
|
| 773 |
0 |
|
|t Drevo
|g Roč. 50, č. 12 (1995), s. 280
|x 0012-6144
|
| 850 |
|
|
|a Slovenská národná knižnica
|
| 852 |
|
|
|a Slovenská národná knižnica
|
| 954 |
|
|
|a odborná, vedecká literatúra pôvodná (slovenská)
|2 lita
|
| 958 |
|
|
|a article27
|
| 958 |
|
|
|a BX
|
| 958 |
|
|
|a RK
|
| 958 |
|
|
|a SK
|
| 958 |
|
|
|a OND
|
| 958 |
|
|
|a EUIPO
|
| 992 |
|
|
|a RBX
|
| 999 |
|
|
|c 2808048
|d 2809978
|